=LDR 00000nam 2200000 4500 =001 INLIS000000000028013 =990 ##$$a 21400613/BPAP-NTB/20142014 =005 20141007121437.0 =990 ##$$a 0001/BPAP-NTB/20142014 =006 =007 =008 Ind =035 ##$$a 0010-061300000028013 =041 ##$$a Ind =082 ##$$a F.Rom.D =090 ##$$a F.Rom.D, Bar s =100 ##$$a Barks, Coleman =245 ##$$a Saat seorang gila tersenyum fadamu, Parabel-parabel cinta dari Mathnawi Kumi, Coleman Barks; penerjemah Abdillah Halim =260 ##$$a 2004 $b Yogyakarta =300 ##$$a 242 hlm, 19 cm =650 ##$$a Fiksi Roman Dewasa =850 ##$$a NBPNMAT =990 ##$$a 0001/BPAP-NTB/20142014